Статья "Граф С. Ю. Витте" (отрывочные воспоминания)

Доступно только в Электронных читальных залах Найти на картеНа карте
RUSMARC
00004045nac2a22002771x 450
001fdacec65-714d-428c-bb62-5c1edd53c93c
00520131125152630.0
100##$a20130529l1923 k y0rusy50 ca
1010#$arus
102##$aRU
105##$ay z |||||
2001#$aСтатья "Граф С. Ю. Витте" (отрывочные воспоминания)
$j[1923]
215##$a26 листов
251##$cДело
300##$aЗаголовок дела на папке: Статья А. Ф. Кони "Граф С. Ю. Витте" (отрывочные воспоминания)
300##$aЧерновик
300##$aЧасть текста напечатана на машинке с рукописными пометками; частично рукописный текст
330##$aДокументальные материалы, отложившиеся в результате творческой деятельности А. Ф. Кони; Биографические очерки, написанные А. Ф. Кони
461#0$10013a54f2e3-e9cf-409b-80fa-f0a9bd3c40cb
$12001
$aКони Анатолий Федорович, юрист, литератор, член академии наук, председатель Санкт-Петербургского окружного суда, член государственного совета
$1251
$cФонд
$1852
$j564
462#0$100178a475cd-a47d-4377-bff3-cee4b81de655
$12001
$aОпись дел фонда А. Ф. Кони за 1880-1931 гг.
$1251
$cОпись
$1852
$j1
517##$aСтатья А. Ф. Кони "Граф С. Ю. Витте" (отрывочные воспоминания)
600#1$aКони
$bА. Ф.
$f1844-1927
$gАнатолий Федорович
600#1$aВитте
$bС. Ю.
$f1849-1915
$gСергей Юльевич
801#0$aRU
$bGA_RF
801#1$aRU
$bНПО Опыт
$c20130529
$2rusmarc
801#2$aRU
$bПБ им. Б.Н. Ельцина
$c20131125
$gRCR
$2rusmarc
852##$aГА РФ
$j66
937##$d42050432
$hПБ
035##$aRuPRLIB51000015
Формат отображения